Understanding digital libraries

Αποθηκεύτηκε σε:
Λεπτομέρειες βιβλιογραφικής εγγραφής
Κύριος συγγραφέας: Lesk, Michael
Μορφή: Βιβλίο
Γλώσσα:English
Δημοσίευση: Amsterdam; Boston : Elsevier, [c2005]
Έκδοση:2nd ed.
Σειρά:Morgan Kaufmann series in multimedia information and systems
Θέματα:
Ετικέτες: Προσθήκη ετικέτας
Δεν υπάρχουν, Καταχωρήστε ετικέτα πρώτοι!

MARC

LEADER 00000nam a2200000 i 4500
001 1/34483
008 060919s2005 eng d
020 |a 1-55860-924-5 (pbk.) 
035 |l 10085244 
040 |a GR-MY-UA  |b gre  |e aacr 
041 0 |a eng 
082 0 |a 025.00285  |2 (22) 
100 1 |a Lesk, Michael. 
245 1 0 |a Understanding digital libraries /  |c Michael Lesk 
250 |a 2nd ed. 
260 |a Amsterdam; Boston :   |b Elsevier,   |c [c2005] 
300 |a xxxi, 424 σ.;  |c 24 εκ. 
490 1 |a The Morgan Kaufmann series in multimedia information and systems 
504 |a Βιβλιογραφία: σ. 387-411. Ευρετήριο 
650 0 0 |a Libraries  |z United States  |x Special collections  |x Computer files. 
650 0 0 |a Digital libraries  |z United States. 
830 0 |a Morgan Kaufmann series in multimedia information and systems 
852 |a INST  |b RHODES  |e 20060919  |h 025.00285 LES  |p 005400024205  |q 005400024205  |t BK  |y 0 
901 |a BIBL4-2006-2 
909 |a Ρ  |b 129398 
920 |a ΑΝΑΜΟΡΦΩΣΗ  |b ΕΠΕΑΕΚ ΙΙ-ΤΜΣ  |y ΡΟΔΟΣ  |z 2006-08 
970 |a ΚΟΖΑ  |b ΜΑΡΙΑ  |z 2006/09/19